000 00664nam a2200229 a 4500
008
020 _a052149852X (pbk.)
049 _aMAIN
090 _aQA276.12
_bFRA
100 1 _aFrank, Harry.
245 1 0 _aStatistics :
_bconcepts and applications /
_cHarry Frank, Steven C. Althoen.
260 _aCambridge :
_bCambridge University Press,
_c1994.
300 _axxvi, 853 p. ;
_c25 cm.
500 _aIncludes index.
650 0 _aStatistics.
700 1 _aAlthoen, Steven C.
907 _a.b10040432
_b16-08-11
_c17-04-03
003
005 20230123133447.0
040 _cNUST
942 _cBOOKS
_kQA276.12
_mFRA
999 _c148987
_d148987